[Event "12th Asrian Memorial 2019"]
[Site "Yerevan"]
[Date "2019.06.11"]
[Round "1.10"]
[White "Khachatryan, Veronika"]
[Black "Kotanjian, Tigran"]
[Result "1/2-1/2"]
[WhiteElo "1868"]
[BlackElo "2462"]
[Annotator "ChessBase"]
[PlyCount "162"]
[EventDate "2019.06.11"]
[EventType "swiss"]
[EventCountry "ARM"]
[SourceTitle "playchess.com"]
[Source "ChessBase"]
[SourceQuality "1"]
[TimeControl "40/5400+30:1800+30"]

1. d4 {[%emt 0:00:00]} d5 {[%emt 0:00:00]} 2. Bf4 {[%emt 0:00:00]} Nf6 {[%emt 0:00:00]} 3. e3 {[%emt 0:00:00]} c5 {[%emt 0:00:04]} 4. Nf3 {[%emt 0:00:39]} Nc6 {[%emt 0:00:08]} 5. Nbd2 {[%emt 0:00:10]} cxd4 {[%emt 0:00:27]} 6. exd4 {[%emt 0:00:23]} Bg4 {[%emt 0:00:32]} 7. c3 {[%emt 0:01:02]} e6 {[%emt 0:00:07]} 8. Qb3 {[%emt 0:08:11]} Qc8 {[%emt 0:00:43]} 9. Bb5 {[%emt 0:12:14]} Bxf3 {[%emt 0:02:34]} 10. Nxf3 {[%emt 0:00:16]} Be7 {[%emt 0:00:17]} 11. O-O {[%emt 0:02:01]} O-O {[%emt 0:00:06]} 12. Qd1 {[%emt 0:19:51]} a6 {[%emt 0:00:06]} 13. Bd3 {[%emt 0:00:16]} b5 {[%emt 0:00:06]} 14. a3 {[%emt 0:01:14]} Qb7 {[%emt 0:00:09]} 15. Qe2 {[%emt 0:00:53]} Rfc8 {[%emt 0:01:28]} 16. Rfe1 {[%emt 0:03:39]} Bf8 {[%emt 0:00:18]} 17. Be5 {[%emt 0:06:27]} Qe7 {[%emt 0:02:12]} 18. Bf4 {[%emt 0:07:22]} g6 {[%emt 0:01:05]} 19. Bg5 {[%emt 0:01:44]} Bg7 {[%emt 0:00:17]} 20. Ne5 {[%emt 0:00:19]} Qb7 {[%emt 0:01:14]} 21. f4 {[%emt 0:05:17]} Na5 {[%emt 0:00:07]} 22. Rad1 {[%emt 0:19:58]} Nc4 {[%emt 0:00:15]} 23. Bxc4 {[%emt 0:02:00]} bxc4 {[%emt 0:01:02]} 24. Bxf6 {[%emt 0:00:10]} Bxf6 {[%emt 0:00:09]} 25. Rd2 {[%emt 0:00:35]} Bg7 {[%emt 0:00:47]} 26. Qg4 {[%emt 0:01:34]} Qe7 {[%emt 0:00:57]} 27. Qf3 {[%emt 0:01:05]} Rab8 {[%emt 0:00:17]} 28. Ree2 {[%emt 0:00:26]} Rb6 {[%emt 0:00:40]} 29. Ng4 {[%emt 0:01:45]} Qd8 {[%emt 0:02:11]} 30. Ne5 {[%emt 0:00:56]} Rcb8 {[%emt 0:00:19]} 31. g3 {[%emt 0:00:43]} R8b7 {[%emt 0:00:19]} 32. Kg2 {[%emt 0:00:10]} Qf6 {[%emt 0:02:05]} 33. Ng4 {[%emt 0:01:14]} Qf5 {[%emt 0:00:32]} 34. Ne3 {[%emt 0:00:22]} Qb1 {[%emt 0:00:18]} 35. Qf2 {[%emt 0:01:22]} f5 {[%emt 0:01:56]} 36. Rc2 {[%emt 0:00:50]} Bf6 {[%emt 0:00:45]} 37. Re1 {[%emt 0:01:20]} Qa2 {[%emt 0:00:14]} 38. Nd1 {[%emt 0:00:13]} Rg7 {[%emt 0:02:20]} 39. Rce2 {[%emt 0:00:21]} Qb1 {[%emt 0:01:45]} 40. Qf3 {[%emt 0:00:00]} Re7 {[%emt 0:00:00]} 41. Qe3 {[%emt 0:08:04]} Qe4+ {[%emt 0:01:09]} 42. Qf3 {[%emt 0:01:24]} Qxf3+ {[%emt 0:00:09]} 43. Kxf3 {[%emt 0:00:01]} g5 {[%emt 0:00:32]} 44. Rd2 {[%emt 0:09:22]} Rg7 {[%emt 0:00:21]} 45. Ne3 {[%emt 0:00:34]} gxf4 {[%emt 0:00:29]} 46. gxf4 {[%emt 0:00:06]} Kf7 {[%emt 0:00:11]} 47. Rde2 {[%emt 0:03:44]} Rg6 {[%emt 0:00:42]} 48. Rd1 {[%emt 0:05:06]} Rh6 {[%emt 0:00:20]} 49. Rg1 {[%emt 0:00:38]} Rb8 {[%emt 0:00:21]} 50. Rg3 {[%emt 0:02:50]} Rg6 {[%emt 0:00:37]} 51. Ng2 {[%emt 0:01:38]} Rbg8 {[%emt 0:00:13]} 52. Ne3 {[%emt 0:00:31]} Be7 {[%emt 0:00:30]} 53. Nc2 {[%emt 0:00:48]} Bd6 {[%emt 0:00:50]} 54. Ne3 {[%emt 0:00:49]} R8g7 {[%emt 0:01:48]} 55. Reg2 {[%emt 0:01:54]} Ke7 {[%emt 0:00:12]} 56. Rg1 {[%emt 0:01:53]} Kd7 {[%emt 0:00:10]} 57. Rxg6 {[%emt 0:00:04]} hxg6 {[%emt 0:00:19]} 58. h4 {[%emt 0:00:28]} Rh7 {[%emt 0:00:32]} 59. Ng2 {[%emt 0:01:03]} Be7 {[%emt 0:01:21]} 60. Kg3 {[%emt 0:00:04]} Bd6 {[%emt 0:01:54]} 61. Ne1 {[%emt 0:00:43]} Kc6 {[%emt 0:00:28]} 62. Nf3 {[%emt 0:00:15]} Kb5 {[%emt 0:00:11]} 63. Re1 {[%emt 0:00:20]} Re7 {[%emt 0:00:10]} 64. Re2 {[%emt 0:01:26]} Ka4 {[%emt 0:00:05]} 65. Ng5 {[%emt 0:00:58]} Kb3 {[%emt 0:00:11]} 66. Kf3 {[%emt 0:00:13]} Ka2 {[%emt 0:02:16]} 67. Nxe6 {[%emt 0:00:41]} Kb1 {[%emt 0:00:11]} 68. Kg3 {[%emt 0:00:46]} a5 {[%emt 0:00:09]} 69. Kf3 {[%emt 0:00:14]} a4 {[%emt 0:00:32]} 70. Nc5 {[%emt 0:00:43]} Bxc5 {[%emt 0:01:11]} 71. dxc5 {[%emt 0:00:02]} Rc7 {[%emt 0:00:05]} 72. Ke3 {[%emt 0:00:32]} Rxc5 {[%emt 0:00:05]} 73. Kd4 {[%emt 0:00:06]} Rb5 {[%emt 0:00:06]} 74. Rg2 {[%emt 0:00:27]} Rxb2 {[%emt 0:00:17]} 75. Rg1+ {[%emt 0:00:39]} Ka2 {[%emt 0:00:24]} 76. Kxd5 {[%emt 0:00:16]} Rf2 {[%emt 0:00:24]} 77. Kxc4 {[%emt 0:00:51]} Rxf4+ {[%emt 0:00:09]} 78. Kb5 {[%emt 0:00:21]} Rg4 {[%emt 0:00:40]} 79. Rh1 {[%emt 0:00:43]} Kxa3 {[%emt 0:00:26]} 80. c4 {[%emt 0:00:15]} Rg2 {[%emt 0:00:20]} 81. Rh3+ {[%emt 0:00:19]} Kb2 {[%emt 0:00:12]} 1/2-1/2

[Event "12th Asrian Memorial 2019"]
[Site "Yerevan"]
[Date "2019.06.11"]
[Round "1.11"]
[White "Mikaelyan, Arman"]
[Black "Abgaryan, Harutyun V."]
[Result "1-0"]
[WhiteElo "2453"]
[BlackElo "1855"]
[Annotator "ChessBase"]
[PlyCount "49"]
[EventDate "2019.06.11"]
[EventType "swiss"]
[EventCountry "ARM"]
[SourceTitle "playchess.com"]
[Source "ChessBase"]
[SourceQuality "1"]
[TimeControl "40/5400+30:1800+30"]

1. e4 {[%emt 0:00:00]} c5 {[%emt 0:00:00]} 2. Nc3 {[%emt 0:00:00]} d6 {[%emt 0:00:00]} 3. f4 {[%emt 0:00:00]} Nc6 {[%emt 0:00:35]} 4. Nf3 {[%emt 0:00:00]} Nf6 {[%emt 0:03:09]} 5. Bb5 {[%emt 0:01:09]} e6 {[%emt 0:03:33]} 6. O-O {[%emt 0:03:35]} Be7 {[%emt 0:02:19]} 7. e5 {[%emt 0:01:38]} Nd7 {[%emt 0:13:56]} 8. Bxc6 {[%emt 0:01:00]} bxc6 {[%emt 0:00:05]} 9. exd6 {[%emt 0:00:41]} Bxd6 {[%emt 0:00:14]} 10. d3 {[%emt 0:00:57]} Qc7 {[%emt 0:02:19]} 11. Ne4 {[%emt 0:00:52]} h6 {[%emt 0:10:52]} 12. Qe1 {[%emt 0:03:53]} Bb7 {[%emt 0:06:57]} 13. Bd2 {[%emt 0:02:29]} O-O {[%emt 0:10:56]} 14. Ba5 {[%emt 0:02:53]} Nb6 {[%emt 0:01:16]} 15. Ne5 {[%emt 0:01:19]} Qe7 {[%emt 0:04:36]} 16. Qg3 {[%emt 0:01:17]} Nd5 {[%emt 0:02:45]} 17. c4 {[%emt 0:01:05]} Nf6 {[%emt 0:01:32]} 18. Nxd6 {[%emt 0:03:44]} Qxd6 {[%emt 0:00:10]} 19. Bc3 {[%emt 0:00:25]} Rad8 {[%emt 0:06:08]} 20. Rf3 {[%emt 0:01:42]} Qe7 {[%emt 0:03:37]} 21. Re1 {[%emt 0:01:00]} Qd6 {[%emt 0:04:29]} 22. Nd7 {[%emt 0:05:08]} Rxd7 {[%emt 0:02:30]} 23. Bxf6 {[%emt 0:00:07]} g6 {[%emt 0:00:46]} 24. Qh4 {[%emt 0:00:14]} Kh7 {[%emt 0:01:06]} 25. Qxh6+ {[%emt 0:00:08]} 1-0

[Event "12th Asrian Memorial 2019"]
[Site "Yerevan"]
[Date "2019.06.11"]
[Round "1.12"]
[White "Julhakyan, Vania"]
[Black "Hayrapetyan, Hovik"]
[Result "0-1"]
[WhiteElo "1842"]
[BlackElo "2449"]
[Annotator "NA"]
[PlyCount "70"]
[EventDate "2019.06.11"]
[EventType "swiss"]
[EventCountry "ARM"]
[SourceTitle "playchess.com"]
[Source "ChessBase"]
[SourceQuality "1"]
[TimeControl "40/5400+30:1800+30"]

1. Nf3 {[%emt 0:00:00]} d5 {[%emt 0:00:00]} 2. b3 {[%emt 0:00:10]} Nf6 {[%emt 0:00:11]} 3. Bb2 {[%emt 0:00:11]} e6 {[%emt 0:00:30]} 4. e3 {[%emt 0:00:31]} Bd6 {[%emt 0:00:22]} 5. c4 {[%emt 0:02:01]} O-O {[%emt 0:01:15]} 6. Be2 {[%emt 0:00:39]} Nbd7 {[%emt 0:00:12]} 7. O-O {[%emt 0:00:58]} c6 {[%emt 0:02:03]} 8. d3 {[%emt 0:01:16]} Qe7 {[%emt 0:00:36]} 9. Nbd2 {[%emt 0:01:11]} a5 {[%emt 0:02:37]} 10. a3 {[%emt 0:02:53]} b6 {[%emt 0:06:04]} 11. Re1 {[%emt 0:01:31]} Bb7 {[%emt 0:02:40]} 12. Qc2 {[%emt 0:02:53]} Rac8 {[%emt 0:04:47]} 13. h3 {[%emt 0:01:20]} e5 {[%emt 0:03:16]} 14. e4 {[%emt 0:01:12]} dxe4 {[%emt 0:05:35]} 15. dxe4 {[%emt 0:00:11]} g6 {[%emt 0:07:08]} 16. Bf1 {[%emt 0:03:12]} Nh5 {[%emt 0:01:52]} 17. g3 {[%emt 0:00:40]} f6 {[%emt 0:03:36]} 18. Bg2 {[%emt 0:10:50]} Rfd8 {[%emt 0:07:48]} 19. Nh4 {[%emt 0:01:13]} Nf8 {[%emt 0:04:12]} 20. Bf3 {[%emt 0:00:29]} Ng7 {[%emt 0:00:03]} 21. Nf1 {[%emt 0:05:15]} Nfe6 {[%emt 0:01:14]} 22. Red1 {[%emt 0:00:46]} Bc5 {[%emt 0:04:33]} 23. Bg4 {[%emt 0:06:24]} Kf7 {[%emt 0:02:06]} 24. a4 {[%emt 0:03:00]} h5 {[%emt 0:10:22]} 25. Rxd8 {[%emt 0:04:26]} Rxd8 {[%emt 0:00:15]} 26. Bd1 {[%emt 0:00:10]} Ng5 {[%emt 0:01:15]} 27. Kg2 {[%emt 0:00:33]} Qd7 {[%emt 0:00:57]} 28. g4 {[%emt 0:00:21]} N7e6 {[%emt 0:00:13]} 29. f3 {[%emt 0:17:38]} Nf4+ {[%emt 0:00:47]} 30. Kh2 {[%emt 0:00:49]} hxg4 {[%emt 0:00:24]} 31. fxg4 {[%emt 0:00:32]} Rh8 {[%emt 0:00:31]} 32. Kg3 {[%emt 0:00:31]} Rxh4 {[%emt 0:00:12]} 33. Kxh4 {[%emt 0:01:00]} Qd3 {[%emt 0:00:15]} 34. Qxd3 {[%emt 0:05:10]} Bf2+ {[%emt 0:00:09]} 35. Qg3 {[%emt 0:01:19]} Ng2# {[%emt 0:00:05]} 0-1

[Event "12th Asrian Memorial 2019"]
[Site "Yerevan"]
[Date "2019.06.11"]
[Round "1.13"]
[White "Gholami Orimi, Mahdi"]
[Black "Ghazaryan, Raffi"]
[Result "1-0"]
[WhiteElo "2445"]
[BlackElo "1831"]
[Annotator "NA"]
[PlyCount "71"]
[EventDate "2019.06.11"]
[EventType "swiss"]
[EventCountry "ARM"]
[SourceTitle "playchess.com"]
[Source "ChessBase"]
[SourceQuality "1"]
[TimeControl "40/5400+30:1800+30"]

1. d4 {[%emt 0:00:00]} Nf6 {[%emt 0:00:00]} 2. c4 {[%emt 0:00:00]} c5 {[%emt 0:00:00]} 3. d5 {[%emt 0:00:00]} b5 {[%emt 0:00:35]} 4. cxb5 {[%emt 0:00:10]} a6 {[%emt 0:00:04]} 5. bxa6 {[%emt 0:00:12]} g6 {[%emt 0:00:22]} 6. Nc3 {[%emt 0:00:09]} Bg7 {[%emt 0:00:25]} 7. g3 {[%emt 0:00:06]} d6 {[%emt 0:01:15]} 8. Bg2 {[%emt 0:00:05]} Nxa6 {[%emt 0:00:12]} 9. Nf3 {[%emt 0:00:33]} O-O {[%emt 0:00:15]} 10. O-O {[%emt 0:00:07]} Bf5 {[%emt 0:00:21]} 11. Nh4 {[%emt 0:21:04]} Bd7 {[%emt 0:00:10]} 12. h3 {[%emt 0:02:19]} Qb6 {[%emt 0:01:52]} 13. Rb1 {[%emt 0:04:12]} Rfb8 {[%emt 0:02:31]} 14. Bd2 {[%emt 0:13:11]} Nc7 {[%emt 0:01:53]} 15. e4 {[%emt 0:10:17]} Qa6 {[%emt 0:04:45]} 16. Kh2 {[%emt 0:03:12]} h6 {[%emt 0:19:36]} 17. f4 {[%emt 0:01:34]} Qd3 {[%emt 0:04:03]} 18. Rf3 {[%emt 0:02:09]} Qd4 {[%emt 0:00:52]} 19. Qe1 {[%emt 0:02:21]} Nb5 {[%emt 0:03:51]} 20. Re3 {[%emt 0:00:58]} Nxc3 {[%emt 0:08:03]} 21. Bxc3 {[%emt 0:00:11]} Qa4 {[%emt 0:01:06]} 22. e5 {[%emt 0:00:50]} Nh5 {[%emt 0:02:20]} 23. e6 {[%emt 0:08:14]} Be8 {[%emt 0:04:13]} 24. exf7+ {[%emt 0:02:01]} Bxf7 {[%emt 0:00:17]} 25. Rxe7 {[%emt 0:01:27]} Bxc3 {[%emt 0:01:55]} 26. bxc3 {[%emt 0:03:34]} Rxb1 {[%emt 0:10:00]} 27. Qxb1 {[%emt 0:00:16]} Qxa2 {[%emt 0:00:30]} 28. Qd3 {[%emt 0:00:58]} c4 {[%emt 0:05:52]} 29. Qf3 {[%emt 0:03:56]} Nf6 {[%emt 0:09:49]} 30. g4 {[%emt 0:08:06]} Qd2 {[%emt 0:03:11]} 31. Re2 {[%emt 0:03:50]} Qc1 {[%emt 0:00:51]} 32. f5 {[%emt 0:01:55]} g5 {[%emt 0:04:43]} 33. Ng6 {[%emt 0:00:04]} Ra1 {[%emt 0:01:10]} 34. Qf2 {[%emt 0:01:50]} Nxd5 {[%emt 0:07:45]} 35. Qd4 {[%emt 0:01:57]} Qxc3 {[%emt 0:00:42]} 36. Re8+ {[%emt 0:00:12]} 1-0

[Event "12th Asrian Memorial 2019"]
[Site "Yerevan"]
[Date "2019.06.12"]
[Round "2.1"]
[White "Dilanyan, Grigor"]
[Black "Martirosyan, Haik M."]
[Result "1/2-1/2"]
[WhiteElo "2294"]
[BlackElo "2635"]
[Annotator "TA"]
[PlyCount "115"]
[EventDate "2019.06.11"]
[EventType "swiss"]
[EventCountry "ARM"]
[SourceTitle "playchess.com"]
[Source "ChessBase"]
[SourceQuality "1"]

{[%evp 18,115,44,21,20,14,29,17,31,-8,17,17,40,23,31,15,16,20,29,10,8,8,16,13,24,17,31,15,22,20,17,0,9,0,4,0,0,0,0,0,0,0,0,0,0,0,0,0,0,0,0,0,0,0,0,0,83,0,293,314,311,293,274,262,198,0,0,0,0,0,0,0,0,0,0,0,0,0,0,0,0,0,0,0,0,0,0,0,0,0,0,0,0,0,0,0,0,0,20,0]} 1. Nf3 Nf6 2. c4 g6 3. b3 Bg7 4. Bb2 d6 5. d4 O-O 6. g3 Nbd7 7. Bg2 c6 8. O-O Qc7 9. Nc3 e5 10. dxe5 dxe5 {E60: King's Indian: Unusual lines and Fianchetto Variation without Nc3} (10... Nxe5 11. Nd4 a5 12. h3 Re8 13. Rc1 Ned7 14. Qd2 Nc5 15. Rfd1 Nfe4 16. Nxe4 Nxe4 17. Qc2 Qe7 18. e3 {½-½ (43) Fang,Y (2490)-Zhao,Y (2389) Xingtai 2018}) 11. Ba3 Re8 12. Bd6 Qd8 13. Nd2 $146 ({Predecessor:} 13. Qd2 Bf8 14. Bxe5 Nxe5 15. Qxd8 Nxf3+ {0-1 (15) Miskic,S (2132)-Beric,M (2184) Prijedor 2015}) 13... Bf8 (13... e4 $5) 14. Bxf8 Rxf8 15. Nde4 Nxe4 16. Nxe4 f5 17. Nd6 Qe7 18. b4 Nf6 19. c5 Be6 20. Qd2 e4 21. f3 Rad8 22. fxe4 Nxe4 23. Bxe4 fxe4 24. Qd4 Bd5 25. e3 b6 26. a3 Qe6 27. Rxf8+ Rxf8 28. Rf1 Rxf1+ 29. Kxf1 h5 30. Ke1 bxc5 31. bxc5 Qe7 32. h4 Kh7 33. Kd2 Qf8 34. Kc3 Qf1 35. Kb4 Qe1+ 36. Ka4 Kg8 (36... Qe2 $11) 37. Nxe4 ({White should try} 37. Qf6 $1 $16 {[%cal Rf6g6]} Kh7 38. Qe7+ Kg8 39. Nxe4 Bxe4 40. Qxe4 Qxg3 41. Ka5 (41. Qxc6 Qxh4+ 42. e4 Kg7 $16)) 37... Bxe4 $2 {[%mdl 8192]} ({Much weaker is} 37... Qe2 $6 38. Nd6 $16) (37... Qb1 $1 $11 {and Black is okay.} 38. Nc3 Qb3+ 39. Ka5 Qxa3+ 40. Na4 Kh7) 38. Qxe4 $18 {[%mdl 64] Double Attack} Qxg3 $16 {[%mdl 4096] Endgame KQ-KQ} 39. Qe8+ (39. Qxc6 Qxh4+ 40. Kb5 Qg5 $16) 39... Kg7 {[#]} 40. Qe7+ $1 ({Stronger than} 40. Qxc6 Qxh4+ 41. Kb5 Qe7 $14) 40... Kg8 {[#]} 41. Ka5 $2 (41. e4 $1 $18) 41... Qe1+ $1 $11 {The position is equal.} 42. Ka6 Qf1+ $1 43. Kb7 Qf7 $1 {[%cal Rf7e7]} 44. Qxf7+ Kxf7 45. Kxc6 {KP-KP} g5 $1 {[%cal Rg5h4]} 46. hxg5 h4 47. Kd6 h3 {...h2 is the strong threat.} 48. c6 {Strongly threatening c7.} h2 49. c7 h1=Q 50. c8=Q {KQ-KQ} Qd1+ 51. Kc7 {Qd7+ would kill now.} Qc1+ 52. Kd8 Qxa3 {[%csl Gf7][%cal Ra3e7]} 53. Qf5+ Kg7 54. Qf6+ Kg8 55. Qe6+ Kg7 56. Qh6+ Kg8 57. Qg6+ Kf8 58. Qf6+ {Accuracy: White = 46%, Black = 85%.} 1/2-1/2

[Event "12th Asrian Memorial 2019"]
[Site "Yerevan"]
[Date "2019.06.12"]
[Round "2.2"]
[White "Onischuk, Vladimir"]
[Black "Sargsyan, Anna M."]
[Result "1-0"]
[WhiteElo "2630"]
[BlackElo "2290"]
[Annotator "RC"]
[PlyCount "67"]
[EventDate "2019.06.11"]
[EventType "swiss"]
[EventCountry "ARM"]
[SourceTitle "playchess.com"]
[Source "ChessBase"]
[SourceQuality "1"]
[TimeControl "40/5400+30:1800+30"]

1. Nf3 {[%emt 0:00:00]} d5 {[%emt 0:00:00]} 2. g3 {[%emt 0:00:00]} Bg4 {[%emt 0:00:00]} 3. Bg2 {[%emt 0:00:00]} Nd7 {[%emt 0:00:00]} 4. d3 {[%emt 0:00:55]} c6 {[%emt 0:00:57]} 5. O-O {[%emt 0:03:04]} e5 {[%emt 0:01:21]} 6. h3 {[%emt 0:01:38]} Bh5 {[%emt 0:01:24]} 7. e4 {[%emt 0:04:03]} Bd6 {[%emt 0:01:28]} 8. exd5 {[%emt 0:09:21]} cxd5 {[%emt 0:00:25]} 9. Nc3 {[%emt 0:00:12]} Ne7 {[%emt 0:05:10]} 10. g4 {[%emt 0:02:50]} Bg6 {[%emt 0:00:11]} 11. Nh4 {[%emt 0:00:47]} Nb6 {[%emt 0:00:42]} 12. a4 {[%emt 0:02:26]} d4 {[%emt 0:09:03]} 13. Nb5 {[%emt 0:04:53]} Nbd5 {[%emt 0:01:42]} 14. c4 {[%emt 0:09:11]} dxc3 {[%emt 0:07:41]} 15. bxc3 {[%emt 0:03:00]} O-O {[%emt 0:08:53]} 16. Nxg6 {[%emt 0:08:50]} hxg6 {[%emt 0:05:18]} 17. d4 {[%emt 0:01:14]} Bb8 {[%emt 0:13:56]} 18. dxe5 {[%emt 0:04:23]} Bxe5 {[%emt 0:07:07]} 19. Re1 {[%emt 0:00:51]} f6 {[%emt 0:11:16]} 20. Ba3 {[%emt 0:08:14]} a6 {[%emt 0:06:30]} 21. Nd4 {[%emt 0:00:44]} Rf7 {[%emt 0:07:29]} 22. Bxe7 {[%emt 0:17:04]} Nxe7 {[%emt 0:05:34]} 23. Bxb7 {[%emt 0:00:07]} Rb8 {[%emt 0:00:42]} 24. Bxa6 {[%emt 0:00:56]} Qc7 {[%emt 0:01:20]} 25. Qd3 {[%emt 0:04:12]} Kh7 {[%emt 0:03:25]} 26. Bc4 {[%emt 0:01:18]} Rff8 {[%emt 0:00:01]} 27. Ne6 {[%emt 0:00:19]} Qa5 {[%emt 0:00:14]} 28. Nxf8+ {[%emt 0:02:41]} Rxf8 {[%emt 0:00:02]} 29. Rad1 {[%emt 0:06:20]} Rc8 {[%emt 0:01:26]} 30. Re4 {[%emt 0:00:19]} Nc6 {[%emt 0:00:24]} 31. Qf3 {[%emt 0:01:28]} Bxc3 {[%emt 0:00:31]} 32. Rd5 {[%emt 0:00:40]} Qb4 {[%emt 0:00:24]} 33. g5 {[%emt 0:00:39]} fxg5 {[%emt 0:00:34]} 34. Rxg5 {[%emt 0:00:10]} 1-0

[Event "12th Asrian Memorial 2019"]
[Site "Yerevan"]
[Date "2019.06.12"]
[Round "2.3"]
[White "Gevorgyan, Maria"]
[Black "Petrosian, Tigran L."]
[Result "1/2-1/2"]
[WhiteElo "2293"]
[BlackElo "2612"]
[Annotator "TA"]
[PlyCount "82"]
[EventDate "2019.06.11"]
[EventType "swiss"]
[EventCountry "ARM"]
[SourceTitle "playchess.com"]
[Source "ChessBase"]
[SourceQuality "1"]

{[%evp 13,82,2,6,-20,10,-44,-56,-51,-32,-39,-36,-41,-35,-85,-78,-76,-62,-81,-85,-73,-67,-63,-57,-139,-107,-146,-146,-135,-112,-146,-154,-308,-40,-34,-35,-41,-38,-38,-42,-36,-33,-39,-34,-39,-37,-72,-60,-66,-38,-54,-52,-97,-64,-84,-63,-112,-122,-120,-32,-28,-26,-32,-29,-27,-26,-28,-26,-31,-35,-36,-44]} 1. e4 c6 2. d4 d5 3. e5 Bf5 4. h4 h5 5. c4 e6 6. Nc3 dxc4 7. Bxc4 Nd7 8. Be2 {B12: Caro-Kann: Advance Variation} (8. Nge2 Nb6 9. Bb3 Be7 10. Ng3 Bg6 11. Be3 Nh6 12. Nxh5 Nf5 13. Nf4 Rxh4 14. Rxh4 Bxh4 15. Kf1 Bg5 16. Qf3 Bxf4 17. Qxf4 {½-½ (38) Ter Sahakyan,S (2553)-Wang,Y (2690) chess.com INT 2018}) 8... Ne7 9. Bxh5 $146 ({Better is} 9. Be3 $11) ({Predecessor:} 9. Nf3 Bg4 10. Ng5 Bxe2 11. Nxe2 Nb6 12. Ng3 {½-½ (12) Ivanov,A (2555)-Adianto,U (2535) Philadelphia 1994}) 9... c5 $15 10. Bf3 cxd4 11. Qxd4 Qc7 12. Kf1 {Black must now prevent Nb5.} Nc6 ({But not} 12... Nxe5 $2 13. Nb5 $1 $18 {[%mdl 512]}) 13. Nb5 Qa5 14. Bxc6 bxc6 15. Nd6+ $1 Bxd6 $1 16. exd6 Qa6+ 17. Ne2 Bd3 18. Qxg7 (18. Qg4 $15) 18... Bxe2+ 19. Kg1 O-O-O 20. Qxf7 Qc4 {Threatens to win with ...Rdf8.} 21. Qf4 Qd5 22. Qg3 $2 {[#]} (22. Qd2 $17 Bd3 23. Qe1) 22... Nf6 $2 ({Black should play} 22... Qd1+ $1 $19 23. Kh2 Bf1) 23. Bg5 Ne4 24. Qe3 Nxg5 25. Qxe2 Qxd6 26. Qe3 Nf7 27. Qxa7 Ne5 28. Qa6+ Kd7 {Strongly threatening ...Qd4.} 29. Qb7+ Ke8 {aiming for ...Nf3+!} 30. Qg7 Nf7 {And now ...Qd1+! would win.} 31. Rh3 Qd4 32. Qg6 Rh6 33. Qc2 Rd6 34. Re1 Rxh4 35. Qf5 Rxh3 (35... Rf4 $17 36. Qc2 e5) 36. Rxe6+ Rxe6 37. Qxe6+ Kd8 {( -> ...Qd1+)} 38. gxh3 Ne5 39. Qf6+ Kc7 40. b3 Qe4 41. Kh2 Nd7 {Accuracy: White = 47%, Black = 69%.} 1/2-1/2

[Event "12th Asrian Memorial 2019"]
[Site "Yerevan"]
[Date "2019.06.12"]
[Round "2.4"]
[White "Andriasian, Zaven"]
[Black "Akopov, Roman"]
[Result "1-0"]
[WhiteElo "2600"]
[BlackElo "2264"]
[Annotator "RC"]
[PlyCount "93"]
[EventDate "2019.06.11"]
[EventType "swiss"]
[EventCountry "ARM"]
[SourceTitle "playchess.com"]
[Source "ChessBase"]
[SourceQuality "1"]
[TimeControl "40/5400+30:1800+30"]

1. e4 {[%emt 0:00:00]} e5 {[%emt 0:00:00]} 2. Nf3 {[%emt 0:00:00]} Nc6 {[%emt 0:00:00]} 3. Bc4 {[%emt 0:00:00]} Bc5 {[%emt 0:00:11]} 4. d3 {[%emt 0:00:29]} Nf6 {[%emt 0:00:28]} 5. Nbd2 {[%emt 0:00:10]} d6 {[%emt 0:01:52]} 6. c3 {[%emt 0:00:33]} a6 {[%emt 0:00:58]} 7. Bb3 {[%emt 0:00:13]} O-O {[%emt 0:01:31]} 8. O-O {[%emt 0:00:06]} Ba7 {[%emt 0:02:07]} 9. h3 {[%emt 0:00:25]} h6 {[%emt 0:02:42]} 10. Re1 {[%emt 0:00:15]} Nh5 {[%emt 0:01:25]} 11. Nf1 {[%emt 0:00:31]} Qf6 {[%emt 0:00:37]} 12. Ne3 {[%emt 0:00:30]} Nf4 {[%emt 0:03:42]} 13. Ng4 {[%emt 0:00:32]} Bxg4 {[%emt 0:20:46]} 14. hxg4 {[%emt 0:00:04]} Ne6 {[%emt 0:01:11]} 15. g3 {[%emt 0:02:52]} Rad8 {[%emt 0:10:14]} 16. Kg2 {[%emt 0:01:51]} Na5 {[%emt 0:02:05]} 17. Bc2 {[%emt 0:00:43]} Nc6 {[%emt 0:04:43]} 18. Qe2 {[%emt 0:01:17]} d5 {[%emt 0:10:37]} 19. Rh1 {[%emt 0:05:07]} dxe4 {[%emt 0:04:33]} 20. dxe4 {[%emt 0:04:09]} Rd7 {[%emt 0:01:17]} 21. Bb3 {[%emt 0:13:39]} Ne7 {[%emt 0:11:16]} 22. g5 {[%emt 0:11:53]} hxg5 {[%emt 0:06:43]} 23. Bxe6 {[%emt 0:02:58]} Qxe6 {[%emt 0:08:12]} 24. Nxg5 {[%emt 0:00:44]} Qg6 {[%emt 0:00:07]} 25. Rh4 {[%emt 0:03:22]} Rfd8 {[%emt 0:00:56]} 26. Be3 {[%emt 0:08:10]} Bxe3 {[%emt 0:01:18]} 27. Rah1 {[%emt 0:00:18]} Kf8 {[%emt 0:00:44]} 28. Qxe3 {[%emt 0:00:48]} Ng8 {[%emt 0:00:52]} 29. Rh8 {[%emt 0:01:15]} Ke7 {[%emt 0:00:26]} 30. Nf3 {[%emt 0:00:44]} Qd6 {[%emt 0:02:45]} 31. R1h5 {[%emt 0:06:24]} f6 {[%emt 0:00:21]} 32. Nh4 {[%emt 0:00:07]} Qb6 {[%emt 0:00:41]} 33. Qe2 {[%emt 0:06:53]} Rd2 {[%emt 0:00:30]} 34. Nf5+ {[%emt 0:00:49]} Kf8 {[%emt 0:00:27]} 35. Rxg8+ {[%emt 0:20:37]} Kxg8 {[%emt 0:00:06]} 36. Qc4+ {[%emt 0:00:06]} R8d5 {[%emt 0:00:06]} 37. Nd4 {[%emt 0:00:21]} Qc5 {[%emt 0:01:05]} 38. Qxc5 {[%emt 0:06:42]} Rxc5 {[%emt 0:00:07]} 39. Nb3 {[%emt 0:00:01]} Rb5 {[%emt 0:01:08]} 40. Nxd2 {[%emt 0:00:00]} Rxb2 {[%emt 0:00:00]} 41. Nc4 {[%emt 0:00:37]} Rc2 {[%emt 0:03:27]} 42. Rh1 {[%emt 0:00:51]} Rxc3 {[%emt 0:00:08]} 43. Ne3 {[%emt 0:00:04]} Kf7 {[%emt 0:03:34]} 44. Nf5 {[%emt 0:00:57]} g6 {[%emt 0:04:07]} 45. Rh7+ {[%emt 0:00:27]} Kf8 {[%emt 0:00:20]} 46. Ne7 {[%emt 0:00:36]} g5 {[%emt 0:06:52]} 47. Nd5 {[%emt 0:00:13]} 1-0